Quick Pick: Aesop's Fables Quiz Stats

Quiz Updated Feb 20, 2016

Challenge
Share
Tweet
Embed
Score 0/10 Timer 01:00
1 Play Today
% Correct
Golden
97.7%
Wolf
96.7%
Country
96%
Feathers
95.2%
Grasshopper
94.3%
Lion's
93.3%
Tortoise
92.4%
Reflection
90.7%
Miser
90.1%
Fox
84.8%

Today's Daily Dose

Missing Word
For Dummies Books

Word Ladder
Ariana Grande

Quick Pick
1970s Authors

On This Day
June 21st II

You're not logged in!

Compare scores with friends on all Sporcle quizzes.
Join for Free
OR
Log In

You Might Also Like...

Show Comments

Extras

Top Quizzes Today


Score Distribution

Your Account Isn't Verified!

In order to create a playlist on Sporcle, you need to verify the email address you used during registration. Go to your Sporcle Settings to finish the process.

Report this User

Report this user for behavior that violates our Community Guidelines.

Details: